000 00689nam a2200229Ia 4500
005 20250108124934.0
008 008 250107s9999 xx 000 0 eng d
020 _a978-81-920749-1-7
037 _aTB
040 _aCRL
_beng
_cCRL
041 _aeng
_2eng
084 _aP168:(Y:1.2) 168N9
084 _qCRL
100 _aAhuja M. L. Au.
245 0 _aGeneral elections in India: electoral politics, electoral reforms and political parties
_cAhuja M. L. Au.
260 _aNew Delhi, India
_bIcon Publications Pvt. Ltd.
_c2742
300 _axvi,660p.
365 _aINR
_b300
650 _aHISTORY
942 _cTB
_hP168:(Y:1.2) 168N9
999 _c1235130
_d1235130